ბათუმის შოთა რუსთაველის სახელმწიფო უნივერსიტეტის ბიბლიოთეკა

ტექნიკური ხაზვის სპეციალური კურსი პირველი ნაწილი : (ბიბ.ჩანაწერი № 38775)

000 -ლიდერი
ფიქსირებული სიგრძის საკონტროლო ველი 00937nam a2200205Ia 4500
001 - საკონტროლო ნომერი
საკონტროლო ველი 5124
003 - საკონტროლო ნომრის იდენტიფიკატორი
საკონტროლო ველი GE_BSU
005 - ბოლო ოპერაციის თარიღი და დრო
საკონტროლო ველი 20190605214552.0
008 - ფიქსირებული სიგრძის მონაცემთა ელემენტები - ზოგადი ინფორმაცია
ფიქსირებული სიგრძის საკონტროლო ველი 181216s1969||||ge |||||||||||||| ||geo||
040 ## - კატალოგიზაციის წყარო
Transcribing agency GE_BSU
041 ## - ენის კოდი
Language code of text/sound track or separate title geo
080 ## - უნივერსალური ათობითი კლასიფიკაციის ინდექსი
Universal Decimal Classification number 744(075.4) შ-15
100 ## - მთავარი ჩანაწერი - პიროვნების სახელი
Personal name შავგულიძე, ა.
9 (RLIN) 2216
245 ## - ცნობა სათაურის შესახებ
Title ტექნიკური ხაზვის სპეციალური კურსი პირველი ნაწილი :
Remainder of title სახელმძღვ. /
Statement of responsibility, etc ა. შავგულიძე ; რედ. ა. გულისაშვილი.
264 ## - წარმოების, გამოცემის, დისტრიბუციის და სხვა ცნობები
გამოცემის, წარმოების, დისტრიბუციის... ადგილი თბილისი :
გამოცემის, წარმოების, დისტრიბუციის... სახელწოდება განათლება,
გამოცემის, წარმოების, დისტრიბუციის... თარიღი 1969.
300 ## - ფიზიკური აღწერა
Extent 219 გვ.;
Other physical details ნახაზ. მაგალითები გვ.175-215.
Dimensions 27 სმ.
653 ## - INDEX TERM--UNCONTROLLED
Uncontrolled term ტექნიკური ხაზვა
700 ## - ADDED ENTRY--PERSONAL NAME
Personal name გულისაშვილი, ა.
Relator term რედაქტორი
9 (RLIN) 1618
942 ## - ADDED ENTRY ELEMENTS (KOHA)
Koha item type წიგნი
Source of classification or shelving scheme
ეგზემპლარები
ჩამოწერის სტატუსი დაკარგული ეგზემპლარის სტატუსი კლასიფიკაციის წყარო ან თაროზე გაწყობის სქემა დაზიანების სტატუსი არ გაიცემა მუდმივი მდებარეობა (დაცვის ადგილი) ამჟამინდელი ადგილსამყოფელი თაროზე განთავსების ადგილი შეძენის თარიღი ღირებულება, შესყიდვის ნორმალური ფასი სრული შენახვის შიფრი შტრიხკოდი ბოლო ოპერაციის თარიღი ეგზემპლარის მიმდევრობითი ნომერი (კეტერი?) ფასის ძალაში შესვლის თარიღი ეგზემპლარის სახეობა საჯარო შენიშვნა
          ტექნოლოგიური ფაკულტეტის ბიბლიოთეკა ტექნოლოგიური ფაკულტეტის ბიბლიოთეკა წიგნსაცავი 2018-12-17 1.68 744(075.4) შ-15 12167 2018-12-17 12167 2018-12-17 წიგნი 1.68 ლ.
          ტექნოლოგიური ფაკულტეტის ბიბლიოთეკა ტექნოლოგიური ფაკულტეტის ბიბლიოთეკა წიგნსაცავი 2018-12-17 1.68 744(075.4) შ-15 12168 2018-12-17 12168 2018-12-17 წიგნი 1.68 ლ.
          ტექნოლოგიური ფაკულტეტის ბიბლიოთეკა ტექნოლოგიური ფაკულტეტის ბიბლიოთეკა წიგნსაცავი 2018-12-17 1.68 744(075.4) შ-15 12169 2018-12-17 12169 2018-12-17 წიგნი 1.68 ლ.